| Поле | Инд. | ПП | Название | Значение |
|---|---|---|---|---|
| Тип записи | a | |||
| Библиографический уровень | b | |||
| 001 | Контрольный номер | RU/IS/BASE/215802016 | ||
| 005 | Дата корректировки | 20200630223635.6 | ||
| 008 | Кодируемые данные | 20061102 | ||
| 040 | b | Код языка каталог. | rus | |
| e | Правила каталог. | PSBO | ||
| 041 | 0_ | a | Код языка текста | rus |
| 084 | a | Индекс другой классификации/Индекс ББК | 30р30-2 | |
| 100 | 1_ | a | Автор | Давыдова Е. М. |
| 245 | 10 | a | Заглавие | Проектное обучение - парадигма элитного инженерного образования в России в условиях стратегии инновационного развития |
| 520 | 0_ | a | Аннотация | Из опыта Томского государственного университета систем управления и радиоэлектроники |
| 650 | 04 | a | Основная рубрика | высшее образование |
| a | Основная рубрика | образование | ||
| a | Основная рубрика | профессиональное образование; дидактика | ||
| 653 | 1_ | a | Ключевые слова | инженерное образование |
| a | Ключевые слова | инновационные образовательные технологии | ||
| a | Ключевые слова | методы обучения | ||
| a | Ключевые слова | образовательные программы | ||
| a | Ключевые слова | обучение | ||
| a | Ключевые слова | подготовка инженеров | ||
| a | Ключевые слова | проектное обучение | ||
| a | Ключевые слова | Россия | ||
| a | Ключевые слова | техническое образование | ||
| 700 | 1_ | a | Автор | Мещеряков Р. В. |
| 700 | 1_ | a | Автор | Шелупанов А. А. |
| 773 | 0_ | t | Заглавие источника | Высшее образование сегодня |
| d | Дата издания источника | 2006 | ||
| g | Прочая информация | № 8. - С. 9 - 15 : табл. | ||
| w | Контрольный № источника | RU/IS/BASE/214494051 | ||
| 901 | t | Тип документа | b |